Catalog

Record Details

Catalog Search



The New Teen Titans. #9/ written by Marv Wolfman ; ... Read More

Available copies

  • 1 of 2 copies available at LARL/NWRL Consortium.
  • 1 of 2 copies available at Lake Agassiz Regional Library. (Show preferred library)

Current holds

1 current hold with 2 total copies.

Show All Copies
Location Call Number / Copy Notes Barcode Shelving Location Status Due Date
Crookston Public Library Y G WOL (Text) 33500012763777 Main Available -

Record details

  • ISBN: 9781401281250
  • ISBN: 1401281257
  • Physical Description: 230 pages : color illustrations ; 26 cm
  • Publisher: Burbank, CA : DC Comics, [2018]

Content descriptions

General Note:
Originally published in single magazine form as Tthe New Teen Titans (2nd series) #1-9 and cover art ... Read More
"The New Teen Titans, Raven and Trigon created by Marv Wolfman and George Pérez"
Summary, etc.:
"Trigon is back! After suffering from crippling ... Read More
Subject: Teen Titans (Fictitious characters) > Comic books, strips, etc.
Superheroes > Comic books, strips, etc.
COMICS & GRAPHIC NOVELS / Superheroes.
Genre: Superhero comics.
Graphic novels.
Comics (Graphic works)
Comics (Graphic works)
LDR 02417cam a22004938i 4500
001295419
003LARL_NWRL_CONSORTIUM
00520180817145434.0
008180702t20182018caua 6 000 1 eng
010 . ‡a 2018031730
040 . ‡aDLC ‡beng ‡erda ‡cDLC ‡dOCLCO ‡dIUK ‡dOCLCF ‡dJPL
020 . ‡a9781401281250 ‡q(paperback)
020 . ‡a1401281257 ‡q(paperback)
035 . ‡a(OCoLC)1043058357
042 . ‡apcc
08200. ‡a741.5/973 ‡223
084 . ‡aCGN004080 ‡2bisacsh
1001 . ‡aWolfman, Marv, ‡ewriter. ‡0(LARL_NWRL_CONSORTIUM)68624
24514. ‡aThe New Teen Titans. ‡n#9/ ‡cwritten by Marv Wolfman ; art by George Pérez, José Luis García-López, Romeo Tanghal, Dan Jurgens ; cover art by George Pérez.
264 1. ‡aBurbank, CA : ‡bDC Comics, ‡c[2018]
264 4. ‡c©2018
300 . ‡a230 pages : ‡bcolor illustrations ; ‡c26 cm
336 . ‡atext ‡btxt ‡2rdacontent
336 . ‡astill image ‡2rdacontent
337 . ‡aunmediated ‡bn ‡2rdamedia
338 . ‡avolume ‡bnc ‡2rdacarrier
4900 . ‡aNew Teen Titans ; ‡v9
500 . ‡aOriginally published in single magazine form as Tthe New Teen Titans (2nd series) #1-9 and cover art only from Tales of the Teen Titans #59-68. (Note: Tales of the Teen Titans #60-68 reprints the New Teen Titans (2nd series) #1-9).
500 . ‡a"The New Teen Titans, Raven and Trigon created by Marv Wolfman and George Pérez"
520 . ‡a"Trigon is back! After suffering from crippling visions, Raven sees that her demonic father is returning to Earth. The New Teen Titans reunite the team, bringing Lilith and Kid Flash back into the fold for a fight for the ages! Robin, Kid Flash, Wonder Girl, Cyborg, Changeling, Raven and Starfire swoop in to begin some of the greatest Teen Titans tales ever told!"-- ‡cProvided by publisher.
650 0. ‡aTeen Titans (Fictitious characters) ‡vComic books, strips, etc.
650 0. ‡aSuperheroes ‡vComic books, strips, etc.
650 7. ‡aCOMICS & GRAPHIC NOVELS / Superheroes. ‡2bisacsh
655 7. ‡aSuperhero comics. ‡2lcgft
655 7. ‡aGraphic novels. ‡2lcgft
655 7. ‡aComics (Graphic works) ‡2lcgft
655 7. ‡aComics (Graphic works) ‡2fast
7001 . ‡aPérez, George, ‡d1954- ‡eartist. ‡0(LARL_NWRL_CONSORTIUM)179795
7001 . ‡aGarcía-López, José Luis, ‡eartist. ‡0(LARL_NWRL_CONSORTIUM)182365
7001 . ‡aTanghal, Romeo, ‡eartist.
7001 . ‡aJurgens, Dan, ‡eartist. ‡0(LARL_NWRL_CONSORTIUM)112402
901 . ‡a295419 ‡b ‡c295419 ‡tbiblio

Additional Resources